000 00186 a2200097 4500
020 _a97884130235
041 _aspa
100 _aLear EDward
245 _aEl buho y la Gatita
942 _cBK
999 _c31724
_d31722